Obbligo o verita? /
-д хадгалсан:
| Үндсэн зохиолч: | |
|---|---|
| Бусад зохиолчид: | |
| Формат: | Ном |
| Хэл сонгох: | итали |
| Хэвлэсэн: |
Milano :
Feltrinelli,
2009
|
| Цуврал: | Feltrinelli kids
|
| Шошгууд: |
Шошго байхгүй, Энэхүү баримтыг шошголох эхний хүн болох!
|
MARC
| LEADER | 00000nam a22000007i 4500 | ||
|---|---|---|---|
| 001 | IT\ICCU\MOD\1529319 | ||
| 003 | ItRI | ||
| 005 | 20260115232045.0 | ||
| 008 | 090306s2009 it |||||| ||||| |||||c | ||
| 020 | |a 9788807921391 | ||
| 040 | |b ita |c importazione bologna sebina | ||
| 041 | 7 | |a ita |2 ISO-639-2 | |
| 082 | |a 839.7374 |9 NARRATIVA SVEDESE. 1945- |2 19 | ||
| 100 | 1 | |a Thor, Annika |0 IT\ICCU\LO1V\189864 |4 aut | |
| 240 | 1 | 0 | |a Sanning eller konsekvens |3 IT\ICCU\RAV\1537947 |9 Thor, Annika |
| 245 | 1 | 0 | |a Obbligo o verita? / |c Annika Thor ; traduzione di Laura Cangemi. |
| 260 | |a Milano : |b Feltrinelli, |c 2009 | ||
| 300 | |a 170 p. ; |c 22 cm. | ||
| 700 | 1 | |a Cangemi, Laura |0 IT\ICCU\CFIV\093132 | |
| 752 | |a it |d Milano | ||
| 830 | 0 | |a Feltrinelli kids |0 IT\ICCU\RAV\0331656 | |
| 942 | |2 ddc |c BK |n 0 | ||
| 952 | |0 0 |1 0 |4 0 |6 R_839_737000000000000_THO |7 0 |9 19301 |a BO |b BO |d 2026-01-15 |i 14430 |l 0 |o R 839.737 THO |p BO14430 |r 2026-01-15 23:20:45 |w 2026-01-15 |x [Sebina 5] [1 v.] |y BK |z 1 v. | ||
| 999 | |c 16430 |d 16430 | ||